000 00850nam a2200229 a 4500
001 000040413
003 DO-SdBNP
005 20220315122344.0
008 130823s2011 dr 000 0 spa d
040 _aDO-SdBNP
_bspa
_cBPMSU
082 _a343.7293071
_bR426L, 2011
_222
110 2 _aRepública Dominicana
245 1 0 _aLey general de protección de los derechos del consumidor o usuario no. 358-05 /
_ccoordinación Altagracia Paulino Ureña.
260 _aSanto Domingo :
_bPRO CONSUMIDOR.
_c2011.
300 _a86 p. ;
_c22 cm.
590 _6Inventariado, 2022/VM
650 4 _aProtección al consumidor
_xLegislación
_zRepública Dominicana
700 1 _aPaulino Ureña, Altagracia
_ecoordinador
710 2 _aInstituto Nacional de protección de los Derechos del Consumidor (República Dominicana)
910 _aVMateo V.
942 _2ddc
_cBK
999 _c14079
_d14079